[Event "DEM U14 2023"]
[Site "Willingen GER"]
[Date "2023.05.28"]
[Round "1"]
[White "Sommer, Justus"]
[Black "Nönnig, Jakob"]
[Result "1-0"]
[Termination "normal"]
[Board "13"]
[WhiteElo "2047"]
[BlackElo "1736"]
[WhiteClock "00:19:22"]
[BlackClock "00:02:04"]
[PlyCount "71"]
[WhiteFideId "16245008"]
[BlackFideId "16289447"]
[EventCountry "GER"]
[EventRounds "9"]
[EventType "swiss"]
[EventDate "2023.05.27"]

1. e4 {[%clk 01:30:51] [%emt 00:00:05]} 1... e5 {[%clk 01:30:52] [%emt
00:00:12]} 2. Nf3 {[%clk 01:31:12] [%emt 00:00:07]} 2... Nc6 {[%clk 01:31:16]
[%emt 00:00:08]} 3. Bb5 {[%clk 01:31:27] [%emt 00:00:15]} 3... a6 {[%clk
01:31:33] [%emt 00:00:13]} 4. Ba4 {[%clk 01:31:52] [%emt 00:00:05]} 4... Nge7
{[%clk 01:31:31] [%emt 00:00:33]} 5. Nc3 {[%clk 01:31:55] [%emt 00:00:25]} 5...
g6 {[%clk 01:28:51] [%emt 00:03:11]} 6. d4 {[%clk 01:31:58] [%emt 00:00:26]}
6... exd4 {[%clk 01:28:46] [%emt 00:00:36]} 7. Nd5 {[%clk 01:32:09] [%emt
00:00:19]} 7... Bg7 {[%clk 01:28:30] [%emt 00:00:46]} 8. Bg5 {[%clk 01:32:19]
[%emt 00:00:20]} 8... b5 {[%clk 01:21:35] [%emt 00:07:25]} 9. Bb3 {[%clk
01:29:41] [%emt 00:03:05]} 9... h6 {[%clk 01:21:40] [%emt 00:00:29]} 10. Bf6
{[%clk 01:29:08] [%emt 00:00:59]} 10... Bxf6 {[%clk 01:21:57] [%emt 00:00:16]}
11. Nxf6+ {[%emt 00:04:18]} 11... Kf8 12. Nxd4 {[%clk 01:25:28] [%emt
00:00:24]} 12... Kg7 {[%clk 01:22:42] [%emt 00:00:13]} 13. O-O {[%clk 01:21:56]
[%emt 00:03:59]} 13... Na5 {[%clk 01:16:06] [%emt 00:07:10]} 14. Ne2 {[%clk
01:06:27] [%emt 00:15:58]} 14... Nxb3 {[%clk 01:11:28] [%emt 00:05:09]} 15.
axb3 {[%clk 01:06:11] [%emt 00:00:42]} 15... Nc6 {[%clk 00:33:12] [%emt
00:38:50]} 16. Nd5 {[%clk 01:03:18] [%emt 00:03:20]} 16... d6 {[%clk 00:32:15]
[%emt 00:01:30]} 17. Nd4 {[%clk 00:59:32] [%emt 00:04:15]} 17... Bb7 {[%clk
00:26:00] [%emt 00:06:45]} 18. Nxc6 {[%clk 00:57:17] [%emt 00:02:44]} 18...
Bxc6 {[%clk 00:26:27] [%emt 00:00:03]} 19. Qd4+ {[%clk 00:57:35] [%emt
00:00:12]} 19... f6 {[%clk 00:26:46] [%emt 00:00:12]} 20. f4 {[%clk 00:54:16]
[%emt 00:03:48]} 20... Re8 {[%clk 00:24:30] [%emt 00:02:47]} 21. Rae1 {[%clk
00:52:56] [%emt 00:01:48]} 21... Bxd5 {[%clk 00:14:27] [%emt 00:10:36]} 22.
Qxd5 {[%clk 00:53:07] [%emt 00:00:17]} 22... Rb8 {[%clk 00:13:45] [%emt
00:01:12]} 23. Rf3 {[%clk 00:49:30] [%emt 00:04:07]} 23... Qe7 {[%clk 00:11:39]
[%emt 00:02:37]} 24. Rfe3 {[%clk 00:47:12] [%emt 00:02:47]} 24... Rb6 {[%clk
00:05:44] [%emt 00:06:26]} 25. Rg3 {[%clk 00:30:37] [%emt 00:17:05]} 25... Kh7
{[%clk 00:04:17] [%emt 00:01:58]} 26. h4 {[%clk 00:28:06]} 26... Qe6 {[%clk
00:03:56] [%emt 00:03:51]} 27. Qd3 {[%clk 00:27:26]} 27... Rg8 {[%clk 00:02:04]
[%emt 00:03:32]} 28. h5 {[%clk 00:19:22]} 28... g5 {[%clk 00:02:04]} 29. fxg5
{[%clk 00:19:22]} 29... hxg5 {[%clk 00:02:04]} 30. Rf3 {[%clk 00:19:22]} 30...
Rf8 {[%clk 00:02:04]} 31. Ref1 {[%clk 00:19:22]} 31... Kh8 {[%clk 00:02:04]}
32. Qc3 {[%clk 00:19:22]} 32... c5 33. Rxf6 Rxf6 34. Rxf6 Qxe4 35. Rf8+ Kh7 36.
Rh8# 1-0

[Event "DEM U14 2023"]
[Site "Willingen GER"]
[Date "2023.05.28"]
[Round "1"]
[White "Zomartova, Ilya"]
[Black "Herrmann, Jakob"]
[Result "1-0"]
[Termination "normal"]
[Board "14"]
[WhiteElo "1672"]
[BlackElo "2084"]
[WhiteClock "00:51:42"]
[BlackClock "00:11:52"]
[PlyCount "84"]
[WhiteFideId "13630946"]
[BlackFideId "16287169"]
[EventCountry "GER"]
[EventRounds "9"]
[EventType "swiss"]
[EventDate "2023.05.27"]

1. d4 {[%clk 01:30:56] [%emt 00:00:03]} 1... Nf6 {[%clk 01:30:47] [%emt
00:00:14]} 2. c4 {[%clk 01:31:14] [%emt 00:00:13]} 2... g6 {[%clk 01:31:11]
[%emt 00:00:06]} 3. Nc3 {[%clk 01:31:27] [%emt 00:00:16]} 3... Bg7 {[%clk
01:31:33] [%emt 00:00:07]} 4. e4 {[%clk 01:31:49] [%emt 00:00:09]} 4... d6
{[%clk 01:31:57] [%emt 00:00:06]} 5. f3 {[%clk 01:32:10] [%emt 00:00:08]} 5...
O-O {[%clk 01:32:20] [%emt 00:00:08]} 6. Be3 {[%clk 01:32:12] [%emt 00:00:28]}
6... a6 {[%clk 01:32:44] [%emt 00:00:06]} 7. Nge2 {[%clk 01:32:12] [%emt
00:00:30]} 7... c6 {[%clk 01:32:56] [%emt 00:00:18]} 8. a4 {[%clk 01:28:30]
[%emt 00:04:12]} 8... a5 {[%clk 01:33:17] [%emt 00:00:09]} 9. Qd2 {[%clk
01:28:02] [%emt 00:00:58]} 9... Na6 {[%clk 01:33:13] [%emt 00:00:34]} 10. g4
{[%clk 01:24:35] [%emt 00:03:57]} 10... e5 {[%clk 01:30:01] [%emt 00:03:42]}
11. d5 {[%clk 01:22:46] [%emt 00:02:20]} 11... Nb4 {[%clk 01:22:49] [%emt
00:07:41]} 12. O-O-O {[%clk 01:15:48] [%emt 00:07:28]} 12... cxd5 {[%clk
01:17:09] [%emt 00:06:10]} 13. Nxd5 {[%clk 01:14:10] [%emt 00:02:08]} 13...
Nfxd5 {[%clk 01:16:45] [%emt 00:00:54]} 14. cxd5 {[%clk 01:14:29] [%emt
00:00:11]} 14... Bd7 {[%clk 01:09:30] [%emt 00:07:45]} 15. Nc3 {[%clk 01:14:04]
[%emt 00:00:55]} 15... Qe7 {[%clk 00:54:06] [%emt 00:15:53]} 16. Kb1 {[%clk
01:08:53] [%emt 00:05:41]} 16... Rfc8 {[%clk 00:52:00] [%emt 00:02:37]} 17. Rc1
{[%clk 01:07:04] [%emt 00:02:15]} 17... Na6 {[%clk 00:43:34] [%emt 00:08:59]}
18. Bb5 {[%clk 01:04:25] [%emt 00:03:09]} 18... Nc5 {[%clk 00:43:18] [%emt
00:00:47]} 19. Bxc5 {[%clk 01:04:01] [%emt 00:00:54]} 19... Rxc5 {[%clk
00:43:38] [%emt 00:00:11]} 20. Bxd7 {[%clk 01:04:17] [%emt 00:00:13]} 20...
Qxd7 {[%clk 00:44:03] [%emt 00:00:06]} 21. Nb5 {[%clk 01:04:37] [%emt
00:00:09]} 21... b6 {[%clk 00:39:37] [%emt 00:04:56]} 22. Rxc5 {[%clk 01:02:40]
[%emt 00:02:27]} 22... bxc5 {[%clk 00:39:55] [%emt 00:00:12]} 23. h4 {[%clk
01:02:56] [%emt 00:00:13]} 23... h6 {[%clk 00:31:21] [%emt 00:09:05]} 24. h5
{[%clk 01:01:58] [%emt 00:01:28]} 24... g5 {[%clk 00:31:17] [%emt 00:00:33]}
25. Rc1 {[%clk 01:02:09] [%emt 00:00:19]} 25... Bf8 {[%clk 00:31:21] [%emt
00:00:27]} 26. Qd3 {[%clk 01:02:05] [%emt 00:00:34]} 26... Rb8 {[%clk 00:27:13]
[%emt 00:04:38]} 27. Rc3 {[%clk 01:01:40] [%emt 00:00:53]} 27... Qc8 {[%clk
00:25:13] [%emt 00:02:31]} 28. Qc4 {[%clk 01:01:09] [%emt 00:01:02]} 28... Qd7
{[%clk 00:23:28] [%emt 00:02:15]} 29. Rb3 {[%clk 00:59:53] [%emt 00:01:45]}
29... Be7 {[%clk 00:18:22] [%emt 00:05:37]} 30. Na3 {[%clk 00:57:30] [%emt
00:02:51]} 30... Rb4 {[%clk 00:18:34] [%emt 00:00:19]} 31. Rxb4 {[%clk
00:57:44] [%emt 00:00:17]} 31... axb4 {[%clk 00:18:59] [%emt 00:00:05]} 32. Qb5
{[%clk 00:57:02] [%emt 00:01:12]} 32... Qc7 {[%clk 00:12:27] [%emt 00:07:02]}
33. Nc4 {[%clk 00:57:08] [%emt 00:00:24]} 33... Kf8 {[%clk 00:12:14] [%emt
00:00:42]} 34. a5 {[%clk 00:55:49] [%emt 00:01:50]} 34... Bd8 {[%clk 00:12:08]
[%emt 00:00:36]} 35. a6 {[%clk 00:54:05] [%emt 00:02:15]} 35... Ke7 {[%clk
00:10:20] [%emt 00:02:17]} 36. Qc6 {[%clk 00:52:58] [%emt 00:01:30]} 36... Qb8
{[%clk 00:10:31] [%emt 00:00:26]} 37. a7 {[%clk 00:52:45] [%emt 00:00:40]}
37... Qxa7 {[%clk 00:10:58] [%emt 00:00:06]} 38. Qxd6+ {[%clk 00:53:07] [%emt
00:00:08]} 38... Ke8 {[%clk 00:11:25] [%emt 00:00:04]} 39. Qxe5+ {[%clk
00:53:09] [%emt 00:00:27]} 39... Qe7 {[%clk 00:11:10] [%emt 00:00:45]} 40. Qh8+
{[%clk 00:51:57] [%emt 00:01:39]} 40... Qf8 {[%clk 00:11:26] [%emt 00:00:18]}
41. Nd6+ {[%clk 00:51:41] [%emt 00:00:45]} 41... Ke7 {[%clk 00:11:52] [%emt
00:00:03]} 42. Nf5+ {[%clk 00:51:42] [%emt 00:00:28]} 42... Ke8 {[%emt
00:00:41]} 1-0

[Event "DEM U14 2023"]
[Site "Willingen GER"]
[Date "2023.05.28"]
[Round "1"]
[White "Weber, Nikita"]
[Black "Schuricht, Emil Frederick"]
[Result "0-1"]
[Termination "normal"]
[Board "16"]
[WhiteElo "1531"]
[BlackElo "1888"]
[WhiteClock "00:25:21"]
[BlackClock "00:45:57"]
[PlyCount "94"]
[WhiteFideId "34608770"]
[BlackFideId "16270185"]
[EventCountry "GER"]
[EventRounds "9"]
[EventType "swiss"]
[EventDate "2023.05.27"]

1. c4 {[%clk 01:30:58] [%emt 00:00:02]} 1... c6 {[%clk 01:30:55] [%emt
00:00:05]} 2. d4 {[%clk 01:30:58] [%emt 00:00:30]} 2... d5 {[%clk 01:31:20]
[%emt 00:00:05]} 3. cxd5 {[%clk 01:31:16] [%emt 00:00:12]} 3... cxd5 {[%clk
01:31:42] [%emt 00:00:08]} 4. Nc3 {[%clk 01:28:01] [%emt 00:03:45]} 4... Nf6
{[%clk 01:31:48] [%emt 00:00:25]} 5. Bf4 {[%clk 01:24:42] [%emt 00:03:48]} 5...
Nc6 {[%clk 01:32:06] [%emt 00:00:12]} 6. e3 {[%clk 01:23:51] [%emt 00:01:21]}
6... Bf5 {[%clk 01:29:50] [%emt 00:02:45]} 7. Nf3 {[%clk 01:10:23] [%emt
00:13:59]} 7... e6 {[%clk 01:30:01] [%emt 00:00:19]} 8. Bb5 {[%clk 01:02:02]
[%emt 00:08:51]} 8... Nd7 {[%clk 01:29:52] [%emt 00:00:38]} 9. O-O {[%clk
01:00:41] [%emt 00:01:52]} 9... Be7 {[%clk 01:28:37] [%emt 00:01:44]} 10. Ne5
{[%clk 00:58:03] [%emt 00:03:09]} 10... Ncxe5 {[%clk 01:22:14] [%emt 00:06:52]}
11. Bxe5 {[%clk 00:58:19] [%emt 00:00:14]} 11... O-O {[%clk 01:21:38] [%emt
00:01:07]} 12. Bg3 {[%clk 00:55:43] [%emt 00:03:06]} 12... a6 {[%clk 01:13:11]
[%emt 00:08:57]} 13. Bd3 {[%clk 00:55:01] [%emt 00:01:12]} 13... Bxd3 {[%clk
01:09:35] [%emt 00:04:06]} 14. Qxd3 {[%clk 00:53:16] [%emt 00:02:15]} 14... Rc8
{[%clk 01:07:05] [%emt 00:03:00]} 15. Rac1 {[%clk 00:48:06] [%emt 00:05:40]}
15... Qa5 {[%clk 01:03:47] [%emt 00:03:48]} 16. f4 {[%clk 00:40:51] [%emt
00:07:45]} 16... g6 {[%clk 00:59:47] [%emt 00:04:30]} 17. a3 {[%clk 00:36:42]
[%emt 00:04:39]} 17... Nb6 {[%clk 00:57:35] [%emt 00:02:42]} 18. h4 {[%clk
00:34:46] [%emt 00:02:26]} 18... Nc4 {[%clk 00:56:03] [%emt 00:02:02]} 19. Nd1
{[%clk 00:30:38] [%emt 00:04:38]} 19... Qd2 {[%clk 00:48:01] [%emt 00:08:32]}
20. Qxd2 {[%clk 00:30:43] [%emt 00:00:25]} 20... Nxd2 {[%clk 00:48:25] [%emt
00:00:06]} 21. Rxc8 {[%clk 00:30:07] [%emt 00:01:05]} 21... Rxc8 {[%clk
00:48:50] [%emt 00:00:06]} 22. Re1 {[%clk 00:27:53] [%emt 00:02:44]} 22... Ne4
{[%clk 00:48:16] [%emt 00:01:04]} 23. Bf2 {[%clk 00:27:19] [%emt 00:01:04]}
23... Rc2 {[%clk 00:47:31] [%emt 00:01:14]} 24. Rf1 {[%clk 00:27:17] [%emt
00:00:32]} 24... Rd2 {[%clk 00:47:12] [%emt 00:00:49]} 25. g3 {[%clk 00:27:01]
[%emt 00:00:46]} 25... Nxf2 {[%clk 00:43:26] [%emt 00:04:16]} 26. Nxf2 {[%clk
00:27:29] [%emt 00:00:02]} 26... Rxb2 {[%clk 00:43:46] [%emt 00:00:10]} 27. Kg2
{[%clk 00:25:13] [%emt 00:02:46]} 27... Bxa3 {[%clk 00:43:16] [%emt 00:01:00]}
28. Re1 {[%clk 00:25:16] [%emt 00:00:25]} 28... a5 {[%clk 00:41:40] [%emt
00:02:08]} 29. Kf3 {[%clk 00:25:39] [%emt 00:00:07]} 29... Bd6 {[%clk 00:41:07]
[%emt 00:01:03]} 30. Rc1 {[%clk 00:24:43] [%emt 00:01:27]} 30... a4 {[%clk
00:40:50] [%emt 00:00:47]} 31. Ng4 {[%clk 00:23:28] [%emt 00:01:44]} 31... Kg7
{[%clk 00:40:48] [%emt 00:00:32]} 32. h5 {[%clk 00:22:41] [%emt 00:01:17]}
32... gxh5 {[%clk 00:41:07] [%emt 00:00:11]} 33. Nf2 {[%clk 00:22:48] [%emt
00:00:23]} 33... a3 {[%clk 00:41:08] [%emt 00:00:30]} 34. g4 {[%clk 00:22:39]
[%emt 00:00:39]} 34... hxg4+ {[%clk 00:41:28] [%emt 00:00:09]} 35. Nxg4 {[%clk
00:23:02] [%emt 00:00:07]} 35... a2 {[%clk 00:41:47] [%emt 00:00:11]} 36. Ra1
{[%clk 00:23:27] [%emt 00:00:05]} 36... b5 {[%clk 00:42:09] [%emt 00:00:08]}
37. f5 {[%clk 00:23:38] [%emt 00:00:20]} 37... exf5 {[%clk 00:42:32] [%emt
00:00:06]} 38. Nf2 {[%clk 00:23:48] [%emt 00:00:20]} 38... b4 {[%clk 00:42:54]
[%emt 00:00:09]} 39. e4 {[%clk 00:24:12] [%emt 00:00:06]} 39... fxe4+ {[%clk
00:43:18] [%emt 00:00:05]} 40. Ke3 {[%clk 00:24:20] [%emt 00:00:22]} 40... b3
{[%clk 00:43:40] [%emt 00:00:09]} 41. Rg1+ {[%clk 00:24:21] [%emt 00:00:29]}
41... Kf8 {[%clk 00:44:03] [%emt 00:00:07]} 42. Nd1 {[%clk 00:23:51] [%emt
00:01:00]} 42... a1=Q {[%clk 00:44:18] [%emt 00:00:15]} 43. Nxb2 {[%clk
00:23:44] [%emt 00:00:36]} 43... Qxg1+ {[%clk 00:44:38] [%emt 00:00:10]} 44.
Kd2 {[%clk 00:24:08] [%emt 00:00:06]} 44... Bf4+ {[%clk 00:45:00] [%emt
00:00:09]} 45. Kc3 {[%clk 00:24:33] [%emt 00:00:05]} 45... Qe3+ {[%clk
00:45:20] [%emt 00:00:09]} 46. Kb4 {[%clk 00:24:54] [%emt 00:00:09]} 46...
Qxd4+ {[%clk 00:45:43] [%emt 00:00:07]} 47. Ka3 {[%clk 00:25:21] [%emt
00:00:04]} 47... Qc3 {[%clk 00:45:57] [%emt 00:00:15]} 0-1

[Event "DEM U14 2023"]
[Site "Willingen GER"]
[Date "2023.05.28"]
[Round "1"]
[White "Birkenheier, Nicolas"]
[Black "Sickmann, Lisa"]
[Result "1/2-1/2"]
[Termination "normal"]
[Board "18"]
[WhiteElo "1550"]
[BlackElo "1892"]
[WhiteClock "00:01:57"]
[BlackClock "00:34:38"]
[PlyCount "77"]
[WhiteFideId "16287100"]
[BlackFideId "16267818"]
[EventCountry "GER"]
[EventRounds "9"]
[EventType "swiss"]
[EventDate "2023.05.27"]

1. e4 {[%clk 01:30:57] [%emt 00:00:02]} 1... e5 {[%clk 01:30:57] [%emt
00:00:04]} 2. Nf3 {[%clk 01:31:13] [%emt 00:00:14]} 2... Nc6 {[%clk 01:31:24]
[%emt 00:00:04]} 3. Bc4 {[%clk 01:31:16] [%emt 00:00:26]} 3... Bc5 {[%clk
01:31:48] [%emt 00:00:06]} 4. d3 {[%clk 01:30:13] [%emt 00:01:33]} 4... Nf6
{[%clk 01:31:39] [%emt 00:00:39]} 5. c3 {[%clk 01:29:03] [%emt 00:01:41]} 5...
a6 {[%clk 01:32:00] [%emt 00:00:09]} 6. O-O {[%clk 01:24:02] [%emt 00:05:31]}
6... d6 {[%clk 01:30:54] [%emt 00:01:35]} 7. d4 {[%clk 01:06:35] [%emt
00:17:58]} 7... Ba7 {[%clk 01:26:53] [%emt 00:04:30]} 8. dxe5 {[%clk 00:42:48]
[%emt 00:24:17]} 8... Nxe5 {[%clk 01:26:28] [%emt 00:00:56]} 9. Nxe5 {[%clk
00:42:33] [%emt 00:00:43]} 9... dxe5 {[%clk 01:26:53] [%emt 00:00:06]} 10.
Qxd8+ {[%clk 00:33:16] [%emt 00:09:48]} 10... Kxd8 {[%clk 01:27:18] [%emt
00:00:05]} 11. Bg5 {[%clk 00:30:50] [%emt 00:02:55]} 11... Ke7 {[%clk 01:26:11]
[%emt 00:01:37]} 12. Kh1 {[%clk 00:26:11] [%emt 00:05:08]} 12... Be6 {[%clk
01:20:18] [%emt 00:06:24]} 13. Nd2 {[%clk 00:19:31] [%emt 00:07:10]} 13... h6
{[%clk 01:18:52] [%emt 00:01:56]} 14. Bxf6+ {[%clk 00:18:06] [%emt 00:01:54]}
14... Kxf6 {[%clk 01:16:03] [%emt 00:03:19]} 15. Rad1 {[%clk 00:07:54] [%emt
00:10:43]} 15... Rad8 {[%clk 01:14:31] [%emt 00:02:01]} 16. Bxe6 {[%clk
00:06:45] [%emt 00:01:39]} 16... Kxe6 {[%clk 01:13:41] [%emt 00:01:21]} 17. Kg1
{[%clk 00:05:08] [%emt 00:02:06]} 17... Rd7 {[%clk 01:10:45] [%emt 00:03:27]}
18. Nb3 {[%clk 00:04:12] [%emt 00:01:25]} 18... Rhd8 {[%clk 01:10:12] [%emt
00:01:04]} 19. Rxd7 {[%clk 00:04:08] [%emt 00:00:34]} 19... Rxd7 {[%clk
01:10:35] [%emt 00:00:06]} 20. Rc1 {[%clk 00:03:24] [%emt 00:01:15]} 20... g6
{[%clk 01:08:35] [%emt 00:02:30]} 21. g4 {[%clk 00:02:40] [%emt 00:01:13]}
21... Rd3 {[%clk 01:04:56] [%emt 00:04:09]} 22. Kg2 {[%clk 00:01:46] [%emt
00:01:25]} 22... f5 {[%clk 01:02:28] [%emt 00:02:58]} 23. gxf5+ {[%clk
00:01:45] [%emt 00:00:31]} 23... gxf5 {[%clk 01:02:48] [%emt 00:00:09]} 24. Re1
{[%clk 00:01:20] [%emt 00:00:55]} 24... b5 {[%clk 01:00:59] [%emt 00:02:20]}
25. exf5+ {[%clk 00:00:45] [%emt 00:01:05]} 25... Kxf5 {[%clk 01:01:14] [%emt
00:00:14]} 26. Re2 {[%clk 00:00:58] [%emt 00:00:17]} 26... Kf4 {[%clk 00:59:20]
[%emt 00:02:24]} 27. Nd2 {[%clk 00:00:57] [%emt 00:00:32]} 27... h5 {[%clk
00:56:19] [%emt 00:03:30]} 28. h3 {[%clk 00:01:09] [%emt 00:00:17]} 28... Rd6
{[%clk 00:48:38] [%emt 00:08:12]} 29. Kh2 {[%clk 00:00:54] [%emt 00:00:45]}
29... h4 {[%clk 00:46:15] [%emt 00:02:53]} 30. Re4+ {[%clk 00:00:44] [%emt
00:00:41]} 30... Kf5 {[%clk 00:44:59] [%emt 00:01:46]} 31. Re2 {[%clk 00:00:59]
[%emt 00:00:14]} 31... Rd3 {[%clk 00:45:15] [%emt 00:00:14]} 32. Ne4 {[%clk
00:00:40] [%emt 00:00:51]} 32... a5 {[%clk 00:44:38] [%emt 00:01:07]} 33. Kg2
{[%clk 00:00:49] [%emt 00:00:20]} 33... b4 {[%clk 00:43:59] [%emt 00:01:09]}
34. cxb4 {[%clk 00:00:55] [%emt 00:00:25]} 34... axb4 {[%clk 00:44:16] [%emt
00:00:13]} 35. Nd2 {[%clk 00:00:55] [%emt 00:00:29]} 35... Kf4 {[%clk 00:41:16]
[%emt 00:03:30]} 36. Re4+ {[%clk 00:01:09] [%emt 00:00:15]} 36... Kf5 {[%clk
00:41:24] [%emt 00:00:23]} 37. Re2 {[%clk 00:01:26] [%emt 00:00:13]} 37... Kf4
{[%clk 00:34:16] [%emt 00:07:38]} 38. Re4+ {[%clk 00:01:35] [%emt 00:00:20]}
38... Kf5 {[%clk 00:34:38] [%emt 00:00:09]} 39. Re2 {[%clk 00:01:57] [%emt
00:00:08]} 1/2-1/2

[Event "DEM U14 2023"]
[Site "Willingen GER"]
[Date "2023.05.28"]
[Round "1"]
[White "Navarro Jahnke, Leo"]
[Black "Ahryzkov, Ivan"]
[Result "1-0"]
[Termination "normal"]
[Board "19"]
[WhiteElo "1954"]
[BlackElo "1494"]
[WhiteClock "00:31:07"]
[BlackClock "00:17:51"]
[PlyCount "69"]
[WhiteFideId "16234146"]
[BlackFideId "34123750"]
[EventCountry "GER"]
[EventRounds "9"]
[EventType "swiss"]
[EventDate "2023.05.27"]

1. d4 {[%clk 01:30:54] [%emt 00:00:04]} 1... d5 {[%clk 01:30:53] [%emt
00:00:08]} 2. Nf3 {[%clk 01:31:21] [%emt 00:00:03]} 2... Bf5 {[%clk 01:30:45]
[%emt 00:00:40]} 3. c3 {[%clk 01:30:55] [%emt 00:00:55]} 3... Nc6 {[%clk
01:26:44] [%emt 00:04:31]} 4. Bf4 {[%clk 01:30:36] [%emt 00:00:48]} 4... e6
{[%clk 01:26:51] [%emt 00:00:24]} 5. e3 {[%clk 01:30:28] [%emt 00:00:37]} 5...
Nf6 {[%clk 01:26:14] [%emt 00:01:07]} 6. Nbd2 {[%clk 01:30:12] [%emt 00:00:46]}
6... Bd6 {[%clk 01:25:22] [%emt 00:01:23]} 7. Qb3 {[%clk 01:29:57] [%emt
00:00:44]} 7... Rb8 {[%clk 01:22:50] [%emt 00:03:03]} 8. Be2 {[%clk 01:26:15]
[%emt 00:04:11]} 8... O-O {[%clk 01:21:43] [%emt 00:01:38]} 9. O-O {[%clk
01:25:48] [%emt 00:00:56]} 9... b5 {[%clk 01:17:53] [%emt 00:04:22]} 10. Qd1
{[%clk 01:16:28] [%emt 00:09:48]} 10... Na5 {[%clk 01:09:42] [%emt 00:08:42]}
11. Nh4 {[%clk 01:13:22] [%emt 00:03:35]} 11... Bg6 {[%clk 01:08:26] [%emt
00:01:47]} 12. Nxg6 {[%clk 01:07:21] [%emt 00:06:31]} 12... hxg6 {[%clk
01:08:09] [%emt 00:00:47]} 13. a4 {[%clk 01:00:07] [%emt 00:07:44]} 13... b4
{[%clk 01:03:59] [%emt 00:04:40]} 14. Bxd6 {[%clk 01:00:03] [%emt 00:00:34]}
14... Qxd6 {[%clk 01:03:35] [%emt 00:00:54]} 15. c4 {[%clk 01:00:16] [%emt
00:00:17]} 15... c5 {[%clk 01:02:25] [%emt 00:01:40]} 16. dxc5 {[%clk 00:59:22]
[%emt 00:01:25]} 16... Qxc5 {[%clk 01:02:46] [%emt 00:00:08]} 17. Nb3 {[%clk
00:59:49] [%emt 00:00:03]} 17... Nxb3 {[%clk 01:01:43] [%emt 00:01:34]} 18.
Qxb3 {[%clk 01:00:17] [%emt 00:00:02]} 18... a5 {[%clk 01:01:28] [%emt
00:00:44]} 19. cxd5 {[%clk 00:59:49] [%emt 00:00:57]} 19... Nxd5 {[%clk
01:01:07] [%emt 00:00:51]} 20. Rac1 {[%clk 01:00:09] [%emt 00:00:10]} 20... Qb6
{[%clk 01:00:28] [%emt 00:01:10]} 21. Bf3 {[%clk 00:59:46] [%emt 00:00:52]}
21... Ne7 {[%clk 00:59:01] [%emt 00:01:57]} 22. Rc4 {[%clk 00:54:44] [%emt
00:05:32]} 22... Rbc8 {[%clk 00:58:30] [%emt 00:01:02]} 23. Rd4 {[%clk
00:53:20] [%emt 00:01:53]} 23... Nc6 {[%clk 00:49:48] [%emt 00:09:13]} 24. Rd6
{[%clk 00:44:33] [%emt 00:09:17]} 24... Qc5 {[%clk 00:46:23] [%emt 00:03:54]}
25. Rfd1 {[%clk 00:40:43] [%emt 00:04:05]} 25... Ne5 {[%clk 00:44:55] [%emt
00:02:14]} 26. Be2 {[%clk 00:40:49] [%emt 00:00:23]} 26... Qc2 {[%clk 00:32:46]
[%emt 00:12:39]} 27. Qxc2 {[%clk 00:38:16] [%emt 00:03:02]} 27... Rxc2 {[%clk
00:33:10] [%emt 00:00:08]} 28. Kf1 {[%clk 00:37:08] [%emt 00:01:38]} 28... Rxb2
{[%clk 00:24:04] [%emt 00:09:36]} 29. f4 {[%clk 00:37:06] [%emt 00:00:32]}
29... Ra2 {[%clk 00:22:43] [%emt 00:01:51]} 30. fxe5 {[%clk 00:34:53] [%emt
00:02:42]} 30... Rxa4 {[%clk 00:23:10] [%emt 00:00:04]} 31. Rb6 {[%clk
00:33:06] [%emt 00:02:17]} 31... Rc8 {[%clk 00:21:44] [%emt 00:01:55]} 32. Rd4
{[%clk 00:30:17] [%emt 00:03:18]} 32... Rc1+ {[%clk 00:17:44] [%emt 00:04:32]}
33. Kf2 {[%clk 00:30:43] [%emt 00:00:03]} 33... Rc2 {[%clk 00:17:28] [%emt
00:00:44]} 34. Rb8+ {[%clk 00:31:07] [%emt 00:00:09]} 34... Kh7 {[%clk
00:17:51] [%emt 00:00:06]} 35. Rh4# {[%emt 00:00:03]} 1-0